Normal view
MARC view
- Barrios, Troy
Entry Personal Name
001 - CONTROL NUMBER
- control field: 33447
003 - CONTROL NUMBER IDENTIFIER
- control field: OSt
005 - DATE AND TIME OF LATEST TRANSACTION
- control field: 20181220105819.0
008 - FIXED-LENGTH DATA ELEMENTS
- fixed length control field: 181220|| aca||aabn | a|a d
040 ## - CATALOGING SOURCE
- Original cataloging agency: OSt
- Transcribing agency: OSt
100 ## - HEADING--PERSONAL NAME
- Personal name: Barrios, Troy
670 ## - SOURCE DATA FOUND
- Source citation: Work cat.: (OSt): Barrios, Troy, Get lost in the charms of tweedle book cafe /, cApr-June 2015.
